<?xml version='1.0' encoding='UTF-8'?>
  <record xmlns="http://www.loc.gov/MARC21/slim">
    <leader>00000cam a22000007i 4500</leader>
    <controlfield tag="001">on1312274952</controlfield>
    <controlfield tag="003">OCoLC</controlfield>
    <controlfield tag="005">20231213210205.5</controlfield>
    <controlfield tag="008">220425s1530    gw            001 0 lat d</controlfield>
    <datafield tag="040" ind1=" " ind2=" ">
      <subfield code="a">QGJ</subfield>
      <subfield code="b">eng</subfield>
      <subfield code="e">dcrmr</subfield>
      <subfield code="e">rda</subfield>
      <subfield code="c">QGJ</subfield>
      <subfield code="d">QGJ</subfield>
      <subfield code="d">OCLCO</subfield>
      <subfield code="d">QGJ</subfield>
      <subfield code="d">OCLCL</subfield>
    </datafield>
    <datafield tag="035" ind1=" " ind2=" ">
      <subfield code="a">(OCoLC)1312274952</subfield>
    </datafield>
    <datafield tag="100" ind1="0" ind2=" ">
      <subfield code="a">Plutarch,</subfield>
      <subfield code="e">author.</subfield>
      <subfield code="4">aut</subfield>
    </datafield>
    <datafield tag="245" ind1="1" ind2="0">
      <subfield code="a">Plutarchi Chaeronensis opuscula quædam longe utilißima quorum catalogum in sequentis pagellæ elencho reperies</subfield>
    </datafield>
    <datafield tag="246" ind1="3" ind2=" ">
      <subfield code="a">Plvtarchi Chaeronensis opuscula quædam longe utilißima</subfield>
    </datafield>
    <datafield tag="246" ind1="3" ind2=" ">
      <subfield code="a">Opuscula quædam longe utilißima</subfield>
    </datafield>
    <datafield tag="264" ind1=" " ind2="1">
      <subfield code="a">Moguntiae :</subfield>
      <subfield code="b">excudebat Joannes Schoeffer,</subfield>
      <subfield code="c">An. M.D.XXX [1530].</subfield>
    </datafield>
    <datafield tag="300" ind1=" " ind2=" ">
      <subfield code="a">[16], 362, [1] pages ;</subfield>
      <subfield code="c">16 cm (8vo)</subfield>
    </datafield>
    <datafield tag="336" ind1=" " ind2=" ">
      <subfield code="a">text</subfield>
      <subfield code="b">txt</subfield>
      <subfield code="2">rdacontent</subfield>
    </datafield>
    <datafield tag="337" ind1=" " ind2=" ">
      <subfield code="a">unmediated</subfield>
      <subfield code="b">n</subfield>
      <subfield code="2">rdamedia</subfield>
    </datafield>
    <datafield tag="338" ind1=" " ind2=" ">
      <subfield code="a">volume</subfield>
      <subfield code="b">nc</subfield>
      <subfield code="2">rdacarrier</subfield>
    </datafield>
    <datafield tag="340" ind1=" " ind2=" ">
      <subfield code="m">8vo</subfield>
      <subfield code="2">rdabf</subfield>
    </datafield>
    <datafield tag="500" ind1=" " ind2=" ">
      <subfield code="a">Includes index.</subfield>
    </datafield>
    <datafield tag="505" ind1="0" ind2="0">
      <subfield code="t">Regum et imperatorum apophtegmata /</subfield>
      <subfield code="r">Raphaele Regio interprete  --</subfield>
      <subfield code="t">Laconica apophtegmata /</subfield>
      <subfield code="r">Raphaele Regio interprete --</subfield>
      <subfield code="t">Dialogus /</subfield>
      <subfield code="r">Joanne Regio interprete --</subfield>
      <subfield code="t">De his qui tarde a numine corripiuntur libellus /</subfield>
      <subfield code="r">Bilibaldo Pirckheymero ... interprete</subfield>
      <subfield code="g">[also under the title: De sera numinis vindica] --</subfield>
      <subfield code="t">De virtutibus mulierum /</subfield>
      <subfield code="r">traductio per Alamanum Ranutium</subfield>
      <subfield code="g">[also under the title: De claris mulieribus].</subfield>
    </datafield>
    <datafield tag="510" ind1="4" ind2=" ">
      <subfield code="a">Verzeichnis der im deutschen Sprachbereich erschienenen Drucke des 16. Jahrhunderts (VD 16),</subfield>
      <subfield code="c">P 3736</subfield>
    </datafield>
    <datafield tag="510" ind1="4" ind2=" ">
      <subfield code="3">Apophthegmata Laconica</subfield>
      <subfield code="a">Verzeichnis der im deutschen Sprachbereich erschienenen Drucke des 16. Jahrhunderts (VD 16),</subfield>
      <subfield code="c">P 3586</subfield>
    </datafield>
    <datafield tag="510" ind1="4" ind2=" ">
      <subfield code="3">Dialogus sane lepidissimus, quo monstrare conatur bruta animalia non minus quam homines ratione uti</subfield>
      <subfield code="a">Verzeichnis der im deutschen Sprachbereich erschienenen Drucke des 16. Jahrhunderts (VD 16),</subfield>
      <subfield code="c">P 3633</subfield>
    </datafield>
    <datafield tag="510" ind1="4" ind2=" ">
      <subfield code="3">Libellus de his, qui tarde a numine corripiuntur</subfield>
      <subfield code="a">Verzeichnis der im deutschen Sprachbereich erschienenen Drucke des 16. Jahrhunderts (VD 16),</subfield>
      <subfield code="c">P 3638</subfield>
    </datafield>
    <datafield tag="510" ind1="4" ind2=" ">
      <subfield code="3">De virtutibus mulierum</subfield>
      <subfield code="a">Verzeichnis der im deutschen Sprachbereich erschienenen Drucke des 16. Jahrhunderts (VD 16),</subfield>
      <subfield code="c">P 3782</subfield>
    </datafield>
    <datafield tag="700" ind1="1" ind2=" ">
      <subfield code="a">Regio, Raffaele,</subfield>
      <subfield code="d">approximately 1450-1520,</subfield>
      <subfield code="e">translator.</subfield>
      <subfield code="4">trl</subfield>
      <subfield code="1">https://id.oclc.org/worldcat/entity/E39PBJht7pG8chyMqGRkPGdfbd</subfield>
    </datafield>
    <datafield tag="700" ind1="1" ind2=" ">
      <subfield code="a">Regius, Joannes,</subfield>
      <subfield code="e">translator.</subfield>
      <subfield code="4">trl</subfield>
    </datafield>
    <datafield tag="700" ind1="1" ind2=" ">
      <subfield code="a">Pirckheimer, Willibald,</subfield>
      <subfield code="d">1470-1530,</subfield>
      <subfield code="e">translator.</subfield>
      <subfield code="4">trl</subfield>
      <subfield code="1">https://id.oclc.org/worldcat/entity/E39PBJg8yJrCBv3hCtDfCcDTHC</subfield>
    </datafield>
    <datafield tag="700" ind1="1" ind2=" ">
      <subfield code="a">Rinuccini, Alamanno,</subfield>
      <subfield code="d">1426-1499,</subfield>
      <subfield code="e">translator.</subfield>
      <subfield code="4">trl</subfield>
      <subfield code="1">https://id.oclc.org/worldcat/entity/E39PCjFP6gP87b3MKtjphmHMxC</subfield>
    </datafield>
    <datafield tag="700" ind1="0" ind2="2">
      <subfield code="i">Container of (expression):</subfield>
      <subfield code="a">Plutarch.</subfield>
      <subfield code="t">Apophthegmata regum et imperatorum.</subfield>
      <subfield code="l">Latin.</subfield>
    </datafield>
    <datafield tag="700" ind1="0" ind2="2">
      <subfield code="i">Container of (expression):</subfield>
      <subfield code="a">Plutarch.</subfield>
      <subfield code="t">Apophthegmata Laconica.</subfield>
      <subfield code="l">Latin.</subfield>
    </datafield>
    <datafield tag="700" ind1="0" ind2="2">
      <subfield code="i">Container of (expression):</subfield>
      <subfield code="a">Plutarch.</subfield>
      <subfield code="t">Bruta animalia ratione uti.</subfield>
      <subfield code="l">Latin.</subfield>
    </datafield>
    <datafield tag="700" ind1="0" ind2="2">
      <subfield code="i">Container of (expression):</subfield>
      <subfield code="a">Plutarch.</subfield>
      <subfield code="t">De sera numinis vindicta.</subfield>
      <subfield code="l">Latin.</subfield>
    </datafield>
    <datafield tag="700" ind1="0" ind2="2">
      <subfield code="i">Container of (expression):</subfield>
      <subfield code="a">Plutarch.</subfield>
      <subfield code="t">De claris mulieribus.</subfield>
      <subfield code="l">Latin.</subfield>
    </datafield>
    <datafield tag="700" ind1="1" ind2=" ">
      <subfield code="a">Schöffer, Johann,</subfield>
      <subfield code="d">approximately 1468-1531,</subfield>
      <subfield code="e">printer.</subfield>
      <subfield code="4">prt</subfield>
      <subfield code="1">https://id.oclc.org/worldcat/entity/E39PBJgMv7vwgk8K7d34dqRxjC</subfield>
    </datafield>
    <datafield tag="752" ind1=" " ind2=" ">
      <subfield code="a">Germany</subfield>
      <subfield code="d">Mainz,</subfield>
      <subfield code="e">publication place.</subfield>
      <subfield code="4">pup</subfield>
    </datafield>
  </record>